[Event "Centelles op"]
[Site "Centelles"]
[Date "1996.10.26"]
[Round "8"]
[White "Vilarrasa Grabulosa, Carlos"]
[Black "Algaba Castro, Josep"]
[Result "1-0"]
[WhiteElo "2180"]
[BlackElo "2075"]
[PlyCount "111"]
[EventDate "1996.09.07"]
[EventType "swiss"]
[EventRounds "8"]
[EventCountry "ESP"]
[SourceTitle "EXT 2003"]
[Source "ChessBase"]
[SourceDate "2002.11.25"]
[SourceVersion "1"]
[SourceVersionDate "2002.11.25"]
[SourceQuality "1"]

1. e4 e5 2. Nf3 Nf6 3. Nxe5 Nc6 4. Nxc6 dxc6 5. d3 Bc5 6. Be2 Be6 7. c3 Qe7 8. 0-0 0-0-0 9. b4 Bb6 10. Nd2 h5 11. d4 g5 12. a4 g4 13. e5 Nd5 14. Bb2 g3 15. hxg3 h4 16. g4 a5 17. b5 cxb5 18. axb5 Nf4 19. Ne4 h3 20. g3 h2+ 21. Kh1 Nxe2 22. Qxe2 f5 23. exf6 Qf7 24. Rfe1 Bc4 25. Qe3 Rde8 26. Qf4 Bxb5 27. f3 Bc6 28. Ba3 Reg8 29. Rab1 Ba7 30. Qf5+ Kb8 31. Be7 Bd5 32. Re3 Ka8 33. Rbe1 Rg6 34. Nd2 b6 35. c4 Bb7 36. Rb3 Rgh6 37. d5 Rh3 38. Ne4 Bc8 39. Qf4 Bb8 40. Ng5 Qg6 41. Nxh3 c6 42. Bd6 cxd5 43. Bxb8 Bb7 44. Rxb6 Rxb8 45. f7 Qxb6 46. f8Q Rxf8 47. Qxf8+ Ka7 48. cxd5 Bxd5 49. Kxh2 Bb7 50. Qg7 Qb4 51. Qe5 a4 52. Qe3+ Ka6 53. Qd3+ Ka7 54. Rb1 Qc5 55. Kg2 Bc6 56. Nf2 1-0

[Event "Centelles op"]
[Site "Centelles"]
[Date "1996.09.28"]
[Round "4"]
[White "Algaba Castro, Josep"]
[Black "Valldeoriola Puigdoller, Agusti"]
[Result "1/2-1/2"]
[WhiteElo "2075"]
[BlackElo "2080"]
[PlyCount "32"]
[EventDate "1996.09.07"]
[EventType "swiss"]
[EventRounds "8"]
[EventCountry "ESP"]
[SourceTitle "EXT 2003"]
[Source "ChessBase"]
[SourceDate "2002.11.25"]
[SourceVersion "1"]
[SourceVersionDate "2002.11.25"]
[SourceQuality "1"]

1. e4 d5 2. exd5 Qxd5 3. Nc3 Qa5 4. d4 Nf6 5. Bd3 Bg4 6. f3 Bh5 7. Nge2 e6 8. Nf4 Bg6 9. Nxg6 hxg6 10. Bd2 Qb6 11. Qe2 Qxd4 12. 0-0-0 Bd6 13. Nb5 Qb6 14. Nxd6+ cxd6 15. Bxg6 0-0 16. Bd3 Nbd7 1/2-1/2

[Event "Centelles op"]
[Site "Centelles"]
[Date "1996.09.07"]
[Round "1"]
[White "Bernardez Rodriguez, Jaume"]
[Black "Algaba Castro, Josep"]
[Result "0-1"]
[WhiteElo "1960"]
[BlackElo "2075"]
[PlyCount "94"]
[EventDate "1996.09.07"]
[EventType "swiss"]
[EventRounds "8"]
[EventCountry "ESP"]
[SourceTitle "EXT 2003"]
[Source "ChessBase"]
[SourceDate "2002.11.25"]
[SourceVersion "1"]
[SourceVersionDate "2002.11.25"]
[SourceQuality "1"]

1. e4 e5 2. Nc3 Bc5 3. Bc4 Nf6 4. Nf3 Nc6 5. 0-0 d6 6. h3 0-0 7. d3 h6 8. a3 a6 9. b4 Ba7 10. Bb2 b5 11. Ba2 Ne7 12. Rb1 Ng6 13. Nd5 Nxd5 14. Bxd5 Rb8 15. Bc1 Kh7 16. Ng5+ Kg8 17. Nxf7 Rxf7 18. Qh5 Qf6 19. Be3 Bb6 20. Bxf7+ Qxf7 21. g3 Bxe3 22. fxe3 Qe6 23. g4 Bd7 24. Rf2 Rf8 25. Rbf1 Rxf2 26. Rxf2 Nf8 27. Qf5 Qxf5 28. exf5 Kf7 29. e4 Nh7 30. Kg2 Kf6 31. h4 Bc6 32. Kg3 Nf8 33. c3 Nd7 34. Rc2 Nb6 35. Kf3 d5 36. exd5 Bxd5+ 37. Ke3 h5 38. g5+ Kxf5 39. Rf2+ Kg4 40. Rf8 Kxh4 41. Re8 Kxg5 42. Rxe5+ Kg4 43. Re7 g5 44. Rxc7 Kg3 45. Ra7 h4 46. Rxa6 h3 47. Rxb6 h2 0-1